Twenty fourth B round robin crosschecks for testing(18th and 19th March 1980) (Record no. 43310)

MARC details
000 -LEADER
fixed length control field 00325nam a2200109Ia 4500
082 ## - DEWEY DECIMAL CLASSIFICATION NUMBER
Classification number 678.4SMR
Item number RRC.24b
245 #0 - TITLE STATEMENT
Title Twenty fourth B round robin crosschecks for testing(18th and 19th March 1980)
260 ## - PUBLICATION, DISTRIBUTION, ETC. (IMPRINT)
Place of publication Kuala Lumpur
Name of publisher RRIM
Year of publication 1980
700 ## - ADDED ENTRY--PERSONAL NAME
Personal name Loke Kum Mun
942 ## - ADDED ENTRY ELEMENTS (KOHA)
Koha item type Books
Holdings
Withdrawn status Lost status Damaged status Not for loan Home library Current library Date acquired Source of acquisition Full call number Accession Number Koha item type
        RRII Library RRII Library 16/12/2021 Gift 678.4SMR RRC.24b G00032 Books